[Event "Alicante IRT op 15th"]
[Site "Alicante"]
[Date "2021.09.26"]
[Round "6"]
[White "Sanchez Serrano, Emilio"]
[Black "Unander, Matts"]
[Result "1/2-1/2"]
[WhiteElo "2122"]
[BlackElo "2012"]
[PlyCount "44"]
[EventDate "2021.09.24"]
[EventType "swiss"]
[EventRounds "7"]
[EventCountry "ESP"]
[SourceTitle "CBM 204 Extra"]
[Source "ChessBase"]
[SourceDate "2021.11.30"]
[SourceVersion "1"]
[SourceVersionDate "2021.11.30"]
[SourceQuality "1"]

1. d4 Nf6 2. c4 e6 3. Nc3 Bb4 4. f3 d5 5. a3 Be7 6. e4 dxc4 7. Bxc4 c5 8. Nge2 Nc6 9. Be3 cxd4 10. Nxd4 Nxd4 11. Bxd4 0-0 12. 0-0 Qc7 13. Qe2 a6 14. a4 Rd8 15. Be3 Bd7 16. Rac1 Rac8 17. b3 Qa5 18. Rfd1 Bc6 19. Bd2 Qc5+ 20. Be3 Qa5 21. Bd2 Qc5+ 22. Be3 Qa5 1/2-1/2

[Event "Almansa op-B 12th"]
[Site "Almansa"]
[Date "2017.08.06"]
[Round "9"]
[White "Sanchez Serrano, Emilio"]
[Black "Martinez Carvajal, Juan Francisco"]
[Result "1-0"]
[WhiteElo "1928"]
[BlackElo "1611"]
[PlyCount "82"]
[EventDate "2017.08.01"]
[EventType "swiss"]
[EventRounds "9"]
[EventCountry "ESP"]
[SourceTitle "EXT 2019"]
[Source "ChessBase"]
[SourceDate "2018.10.10"]
[SourceVersion "1"]
[SourceVersionDate "2018.10.10"]
[SourceQuality "1"]

1. d4 d5 2. c4 c6 3. Nf3 Nf6 4. g3 e6 5. Bg2 dxc4 6. Ne5 c5 7. Qa4+ Nbd7 8. dxc5 Bxc5 9. 0-0 0-0 10. Nxc4 Rb8 11. Nc3 a6 12. Qd1 Qc7 13. Be3 Bxe3 14. Nxe3 b5 15. Rc1 Qb6 16. a4 Bb7 17. axb5 axb5 18. b4 Ne5 19. Qb3 Rfd8 20. Rfd1 h6 21. h3 Rbc8 22. Bxb7 Qxb7 23. Rxd8+ Rxd8 24. Ra1 Nc6 25. Nc2 Rd2 26. Rb1 Rd8 27. Rc1 Nd5 28. Nxd5 Rxd5 29. Qe3 Qd7 30. Kg2 e5 31. Qc3 f5 32. Ne3 Rd4 33. Nxf5 Qd5+ 34. f3 Rc4 35. Qa3 e4 36. Ne3 exf3+ 37. Kf2 Qd4 38. Rd1 Qb6 39. Kxf3 Ne5+ 40. Kg2 Qc6+ 41. Kf2 Rc3 1-0

[Event "Almansa op-B 12th"]
[Site "Almansa"]
[Date "2017.08.03"]
[Round "5"]
[White "Sanchez Serrano, Emilio"]
[Black "Carrasco Rubio, David"]
[Result "1-0"]
[WhiteElo "1928"]
[BlackElo "1696"]
[PlyCount "69"]
[EventDate "2017.08.01"]
[EventType "swiss"]
[EventRounds "9"]
[EventCountry "ESP"]
[SourceTitle "EXT 2019"]
[Source "ChessBase"]
[SourceDate "2018.10.10"]
[SourceVersion "1"]
[SourceVersionDate "2018.10.10"]
[SourceQuality "1"]

1. d4 d5 2. c4 Nc6 3. Nf3 Nf6 4. cxd5 Qxd5 5. Nc3 Qa5 6. Bd2 Bg4 7. e3 e5 8. Bc4 Bxf3 9. gxf3 Bb4 10. a3 Bxc3 11. Bxc3 Qb6 12. dxe5 Nd7 13. Bxf7+ Kxf7 14. Qxd7+ Ne7 15. Rg1 Rhg8 16. 0-0-0 Qe6 17. Rg4 Qxd7 18. Rxd7 Rac8 19. Rc4 Ke6 20. Rdxc7 Rxc7 21. Rxc7 Nd5 22. Rxb7 Nxc3 23. bxc3 Kxe5 24. Rxa7 Rf8 25. f4+ Ke4 26. Rxg7 Kd3 27. Rc7 Rg8 28. f5 Rg2 29. f6 Rxf2 30. f7 Kxe3 31. a4 Kd3 32. a5 Rc2+ 33. Kb1 Rxc3 34. Rxc3+ Kxc3 35. f8Q 1-0

[Event "Castilla La Mancha Region U14"]
[Site "Horche"]
[Date "2015.03.30"]
[Round "6.1"]
[White "Sanchez Serrano, Emilio"]
[Black "Moreno Valero, Raul"]
[Result "0-1"]
[WhiteElo "1796"]
[BlackElo "1530"]
[PlyCount "102"]
[EventDate "2015.03.27"]
[EventType "swiss"]
[EventRounds "6"]
[EventCountry "ESP"]
[SourceTitle "EXT 2024"]
[Source "ChessBase"]
[SourceDate "2023.10.10"]
[SourceVersion "1"]
[SourceVersionDate "2023.10.10"]
[SourceQuality "1"]

1. d4 d6 2. c4 e5 3. d5 f5 4. Nc3 Nf6 5. f3 g6 6. Nh3 Bg7 7. Nf2 0-0 8. e4 Na6 9. a3 Bd7 10. b4 fxe4 11. Ncxe4 Nxe4 12. Nxe4 Bf5 13. Bg5 Qe8 14. Bd3 Nb8 15. 0-0 Nd7 16. Qc2 Nf6 17. Nxf6+ Bxf6 18. Bxf5 Bxg5 19. Be6+ Kg7 20. Rae1 Qe7 21. Re4 Rf4 22. Rfe1 Raf8 23. Rxf4 Bxf4 24. g3 Qg5 25. Qg2 Bc1 26. a4 Bd2 27. f4 Rxf4 28. Re2 Rxc4 29. h4 Be3+ 30. Kh2 Qh6 31. Qf3 Bf4 32. gxf4 Qxh4+ 33. Kg2 Rxf4 34. Qg3 Qxg3+ 35. Kxg3 Rxb4 36. Rc2 c5 37. dxc6 bxc6 38. Rxc6 Rxa4 39. Rxd6 a5 40. Rd5 Kf6 41. Bd7 Rd4 42. Rxd4 exd4 43. Kf4 Ke7 44. Ba4 Kd6 45. Kg5 d3 46. Kh6 d2 47. Kxh7 g5 48. Bd1 a4 49. Bxa4 g4 50. Bd1 g3 51. Bf3 g2 0-1